| 000 | 00455cam a2200145ua 4500 | ||
|---|---|---|---|
| 003 | OSt | ||
| 008 | 220808b |||||||| |||| 00| 0 eng d | ||
| 041 | _aeng | ||
| 082 |
_a028.74631 _bIND/PR |
||
| 245 | _aProceedings of the silver jubilee convention:Indian society of agricultural engineers vol-3:food and dairy engineering | ||
| 250 | _a1 / | ||
| 260 |
_aNewdelhi : _bIndian society of agricultural engineers , _c1985. |
||
| 300 | _a416 ; . | ||
| 942 | _cBK | ||
| 999 |
_c5899 _d5899 |
||